00928 2200313 4500001002100000005001500021035002000036007000300056008004100059020002200100040002200122082001600144084001800160090002200178100003400200245005300234250002900287300005200316650002900368850001200397504003400409264004200443336002100485337003000506338002300536999002200559500001100581990002200592INLIS00000000086122220210617110246 a0010-0621000757ta210505s2021 yoia g 1 ind d a978-623-6995-48-8 aYOPDYOGbinderda04223a371.201 a371.201 ABD k aCB-D.11 2021-05180 aAbdul Rahmat,d1978-epenulis10aKepemimpinan pendidikan /cpenulis, Abdul Rahmat aCetakan I, Februari 2021 aviii, 147 halaman :bilustrasi, gambar ;c23 cm 4aPendidikan, Kepemimpinan aYOPDYOG aBibliografi : halaman 137-14531aYogyakarta :bZahir Publishing,c2021 2rdacontentateks 2rdamediaatanpa perantara 2rdacarrieravolume aCB-D.11/2021-0518 aIndeks aCB-D.11/2021-0518